00444 a2200121 4500001001000000005001700010008004100027245006700068100002300135700002600158773012100184999001700305ART_4286720260410161918.0260409a 10aAvances legislativos provinciales sobre responsabilidad social1 aBerri, Ana María1 aPalacios, Clide Lidia0 tDocumentos de trabajo de contabilidad, auditoría y responsabilidad socialg- Año 5, Nº 10 (dic. 2015)wREV14385 c27478d27478